000 00221nam a22000857a 4500
008 170621b xxu||||| |||| 00| 0 eng d
100 _93593
_aBansal. S. K
245 _aDictionary of it terms
260 _aNew Delhi
_bA. P. H
_c2004
999 _c6979
_d6979